000 01185nam a22003977a 4500
001 0041924
003 KOHA_MİRAKIL
005 20260207003254.0
007 ta
008 130730b2012 tu |||gr||||#||||0|tur |
020 _a9786054326396
020 _a 6054326392
040 _aTR-BiSEU
_btur
_cTR-BiSEU
_erda
041 0 _atur
044 _ctu
050 _aDS66
_b.C35 2012
100 1 _aÇakmak, Diren.
245 1 _aHitit imparatorluğu'nun toplumsal ve iktisadi yapısı/
_cDiren Çakmak ; Diren Çakmak.
250 _a2.baskı
264 1 _aİstanbul :
_bLibra Kitap
_c2012
300 _a399 sayfa ;
_c21 cm.
336 _ametin
_btxt
_2rdacontent
337 _aaracısız
_bn
_2rdamedia
338 _acilt
_bnc
_2rdacarrier
490 1 _aTarih dizisi ;
_v35.
490 1 _a Libra Kitap ;
_v45.
500 _aDizin var.
500 _aKaynakça var.
650 0 _aHittites--Social life and customs.
_977868
650 0 _aHittites--Civilization.
_977870
650 0 _aHittites--Economic conditions.
_977874
650 0 _aTurkey--Antiquities.
_914452
830 1 _aTarih dizisi ;
_v35.
_97565
830 1 _a Libra Kitap ;
_v45.
_977877
942 _2lcc
_cBK
999 _c41764
_d41764